000 00531nam a2200193Ia 4500
005 20250508163222.0
008 008 250505s9999 xx 000 0 eng d
037 _aTextual
040 _aFEDL
_beng
_cFEDL
041 _aeng
_2eng
084 _aB, BOS
_qFEDL
100 _aShah Harin
_9641974
245 0 _aGallant end of Netaji Subhas Chandra Bose
260 _aDelhi, India
_bAtma Ram and Sons
_c1956
300 _a159p
546 _aVerdict from Formosa
942 _cTEXL
_hB, BOS
999 _c1381581
_d1381581